|
|
|
|
| LEADER |
00000cam a2200000 7i4500 |
| 001 |
0000038785 |
| 005 |
20131121.0 |
| 008 |
131121 |
| 020 |
|
|
|a 9670585277
|
| 090 |
0 |
0 |
|a 005.58
|b KUS
|
| 100 |
1 |
|
|a Kusrianto, Adi
|
| 245 |
1 |
0 |
|a Business presentation
|c Adi Kusrianto
|
| 260 |
|
|
|a KL :
|b SAM Synergy Media Sdn Bhd ,
|c [s.n]
|
| 650 |
|
0 |
|a Business presentation
|
| 650 |
|
0 |
|a Computer program
|
| 650 |
|
0 |
|a Graphic methods
|
| 700 |
0 |
|
|a Abdul Jalal
|
| 999 |
|
|
|a 0001249124
|b Book
|c Adult Collection
|e Perbadanan Perpustakaan Awam Johor
|
| 999 |
|
|
|a 0001249125
|b Book
|c Adult Collection
|e Perbadanan Perpustakaan Awam Johor
|